Producción de espectáculos escénicos.

Enregistré dans:
Détails bibliographiques
Auteur principal: León, Marisa de (autora)
Format: Livre
Publié: Caseros, Argentina, RGC Libros, 2012.
Édition:Primera edición.
Collection:Ser, estar, acción.
Sujets:
Tags: Ajouter un tag
Pas de tags, Soyez le premier à ajouter un tag!

MARC

LEADER 00000nam a22000007a 4500
003 CL-VaPUC
005 20250407202440.0
008 250310t2012 ||||| |||| 00| 0 eng d
999 |c 447207  |d 447205 
020 |a 978-987-26263-2-7 
040 |c Pontificia Universidad Católica de Valparaíso 
082 7 |a 792.02 LEO 2012  |2 22 
100 1 |a León, Marisa de   |e autora  |9 896538 
245 |a Producción de espectáculos escénicos. 
250 |a Primera edición. 
260 |a Caseros, Argentina,   |b RGC Libros,   |c 2012. 
300 |a 219 páginas.  
490 |a Ser, estar, acción.  
500 |a c.1.-c.5. Instituto Arcos 8-1-2025. 
583 |c 20250310  |k GC 
650 |a Artes escénicas  |x Espectáculos   |x Producción   |9 896539 
942 |2 ddc  |c BK  |n 0 
952 |0 0  |1 0  |2 ddc  |4 0  |6 792_020000000000000_LEO_2012  |7 0  |8 A  |9 600886  |a BIBINC  |b BIBINC  |d 2025-03-10  |e Instituto Arcos   |i 5665795  |o 792.02 LEO 2012  |p 5665795  |r 2025-03-10  |t 1  |w 2025-03-10  |y BK  |k IFP 
952 |0 0  |1 0  |2 ddc  |4 0  |6 792_020000000000000_LEO_2012  |7 0  |8 A  |9 600887  |a BIBINC  |b BIBINC  |d 2025-03-10  |e Instituto Arcos   |i 5665796  |o 792.02 LEO 2012  |p 5665796  |r 2025-03-10  |t 2  |w 2025-03-10  |y BK  |k IFP 
952 |0 0  |1 0  |2 ddc  |4 0  |6 792_020000000000000_LEO_2012  |7 0  |8 A  |9 600889  |a BIBINC  |b BIBINC  |d 2025-03-10  |e Instituto Arcos   |i 5665797  |o 792.02 LEO 2012  |p 5665797  |r 2025-03-10  |t 3  |w 2025-03-10  |y BK  |k IFP 
952 |0 0  |1 0  |2 ddc  |4 0  |6 792_020000000000000_LEO_2012  |7 0  |8 A  |9 600890  |a BIBINC  |b BIBINC  |d 2025-03-10  |e Instituto Arcos   |i 5665798  |o 792.02 LEO 2012  |p 5665798  |r 2025-03-10  |t 4  |w 2025-03-10  |y BK  |k IFP 
952 |0 0  |1 0  |2 ddc  |4 0  |6 792_020000000000000_LEO_2012  |7 0  |8 A  |9 600891  |a BIBINC  |b BIBINC  |d 2025-03-10  |e Instituto Arcos   |i 5665799  |o 792.02 LEO 2012  |p 5665799  |r 2025-03-10  |t 5  |w 2025-03-10  |y BK  |k IFP